Click to Translate - Vietnamese (Occupations) - Statistics

General Stats
  • This quiz has been taken 74 times
  • The average score is 13 of 24
Answer Stats
Hint Answer % Correct
doctor bác sĩ
79%
teacher giáo viên
69%
driver tài xế
69%
student sinh viên
67%
chef đầu bếp
65%
police officer cảnh sát
63%
dentist nha sĩ
63%
nurse y tá
63%
customer khách hàng
62%
lawyer luật sư
62%
engineer kỹ sư
56%
musician nhạc sĩ
56%
accountant kế toán
54%
president tổng thống
54%
pilot phi công
52%
artist nghệ sĩ
48%
farmer nông dân
48%
staff nhân viên
46%
actor diễn viên
42%
guard bảo vệ
40%
journalist nhà báo
40%
secretary thư ký
40%
soldier quân nhân
37%
author tác giả
31%
No matching quizzes found
Score Distribution
Percent of People with Each Score
Percentile by Number Answered
Your Score History
You have not taken this quiz